[Event "Airthings Masters"]
[Site "chess24.com INT"]
[Date "2020.12.29"]
[EventDate "2020.12.29"]
[Round "1.11"]
[Result "1/2-1/2"]
[White "Maxime Vachier-Lagrave"]
[Black "Wesley So"]
[WhiteElo "2784"]
[BlackElo "2770"]
[PlyCount "99"]

1. e4 e5 2. Nf3 Nc6 3. Bb5 Nf6 4. O-O Nxe4 5. d4 Nd6 6. Bxc6
dxc6 7. dxe5 Nf5 8. Qxd8+ Kxd8 9. h3 Be7 10. Nc3 Nh4 11. Nxh4
Bxh4 12. Be3 Ke8 13. Ne2 h5 14. Rad1 Be7 15. f4 g6 16. Rd2 h4
17. Nd4 a6 18. Nb3 b6 19. Nd4 c5 20. Nc6 Bd7 21. Nxe7 Kxe7
22. Rfd1 Bf5 23. Kf2 a5 24. Kf3 a4 25. a3 Ra5 26. c4 Raa8
27. Bf2 Be6 28. Be3 Rh5 29. Rc1 Rf5 30. Ke2 Rg8 31. Rc3 g5
32. fxg5 Rxe5 33. Kf2 Re4 34. Kf3 Rxc4 35. Rxc4 Bxc4 36. Bf4
Rd8 37. Rxd8 Kxd8 38. Kg4 Bd5 39. Kxh4 Bxg2 40. Kg3 Bf1 41. h4
Be2 42. Be5 c6 43. Kf4 Ke7 44. Bc7 b5 45. Ke5 Kf8 46. Kd6 Bf3
47. Kxc5 Kg7 48. h5 Bxh5 49. Kxc6 Be2 50. Be5+ 1/2-1/2

[Event "Airthings Masters"]
[Site "chess24.com INT"]
[Date "2020.12.29"]
[EventDate "2020.12.29"]
[Round "1.12"]
[Result "0-1"]
[White "Wesley So"]
[Black "Maxime Vachier-Lagrave"]
[WhiteElo "2770"]
[BlackElo "2784"]
[PlyCount "90"]

1. e4 c5 2. Nf3 d6 3. d4 cxd4 4. Nxd4 Nf6 5. Nc3 a6 6. Be3 Ng4
7. Bc1 Nf6 8. Be3 Ng4 9. Bg5 h6 10. Bh4 g5 11. Bg3 Bg7 12. h3
Ne5 13. Nf5 Bxf5 14. exf5 Nbc6 15. Nd5 e6 16. fxe6 fxe6
17. Ne3 Qa5+ 18. c3 Nf3+ 19. gxf3 Bxc3+ 20. bxc3 Qxc3+ 21. Qd2
Qxa1+ 22. Nd1 Qf6 23. Bg2 Rd8 24. f4 Nd4 25. Ne3 gxf4 26. Ng4
Qf5 27. Qxd4 Qb1+ 28. Ke2 Qxa2+ 29. Kf3 Qb3+ 30. Ne3 Rf8
31. Bh4 e5 32. Qe4 fxe3+ 33. Kg3 exf2+ 34. Kh2 f1=N+ 35. Bxf1
Rc8 36. Bg2 Rg8 37. Rg1 Rg7 38. Bf6 Rf7 39. Qg4 Rc2 40. Qg8+
Kd7 41. Bh4 Rf3 42. Qd8+ Kc6 43. Bg3 Qe6 44. Rb1 Rxg2+
45. Kxg2 Rxg3+ 0-1

[Event "Airthings Masters"]
[Site "chess24.com INT"]
[Date "2020.12.29"]
[EventDate "2020.12.29"]
[Round "1.13"]
[Result "1/2-1/2"]
[White "Maxime Vachier-Lagrave"]
[Black "Wesley So"]
[WhiteElo "2784"]
[BlackElo "2770"]
[PlyCount "103"]

1. e4 e5 2. Nf3 Nc6 3. Bb5 Nf6 4. O-O Nxe4 5. d4 Nd6 6. Bxc6
dxc6 7. dxe5 Nf5 8. Qxd8+ Kxd8 9. h3 Be7 10. Nc3 h5 11. Ne2
Nh4 12. Nxh4 Bxh4 13. Be3 Ke8 14. Rad1 Be7 15. f4 f5 16. Nd4
Kf7 17. Rd3 Be6 18. Nxe6 Kxe6 19. Rfd1 a5 20. a4 Rad8 21. Kf2
Rxd3 22. Rxd3 h4 23. Kf3 b6 24. b3 Rd8 25. Rxd8 Bxd8 26. Ke2
Be7 27. Kd3 Kd5 28. c4+ Ke6 29. c5 Bd8 30. Kc4 g6 31. Bd4 Kd7
32. Bf2 Ke6 33. Be3 Kd7 34. b4 axb4 35. Kxb4 Be7 36. a5 bxa5+
37. Kxa5 Kc8 38. Bd4 Kb7 39. e6 Kc8 40. Kb4 Kd8 41. Be5 Kc8
42. Bd4 Kd8 43. Ka5 Kc8 44. Ka6 Kb8 45. Ka5 Kb7 46. Kb4 Kc8
47. Kc4 Kd8 48. Be5 Kc8 49. Bg7 Kd8 50. Be5 Kc8 51. Bg7 Kd8
52. Be5 1/2-1/2

[Event "Airthings Masters"]
[Site "chess24.com INT"]
[Date "2020.12.29"]
[EventDate "2020.12.29"]
[Round "1.14"]
[Result "0-1"]
[White "Wesley So"]
[Black "Maxime Vachier-Lagrave"]
[WhiteElo "2770"]
[BlackElo "2784"]
[PlyCount "84"]

1. e4 c5 2. Nf3 d6 3. d4 cxd4 4. Nxd4 Nf6 5. Nc3 a6 6. Be3 Ng4
7. Bc1 Nf6 8. h3 e5 9. Nb3 Be6 10. Be3 Nbd7 11. g4 h6 12. f4
exf4 13. Bxf4 Nh5 14. Be3 Ng3 15. Rh2 Nxf1 16. Kxf1 h5 17. Nd4
hxg4 18. Nxe6 fxe6 19. Qxg4 Qf6+ 20. Ke2 Ne5 21. Qg3 Qf7
22. Rf1 Qh5+ 23. Kd2 Be7 24. Kc1 Bf6 25. Kb1 Nc4 26. Bf4 O-O
27. Rg2 Rf7 28. Rfg1 Bd4 29. Re1 Rc8 30. Nd1 Rcf8 31. Qd3 Qc5
32. c3 Be5 33. Bh6 Rf3 34. Qe2 R8f7 35. Reg1 Rxh3 36. Bc1 Rh2
37. Rxh2 Qxg1 38. Rh3 b5 39. Qh5 g6 40. Qe2 Rf1 41. Rd3 Re1
42. Qf3 Qf1 0-1

[Event "Airthings Masters"]
[Site "chess24.com INT"]
[Date "2020.12.30"]
[EventDate "2020.12.29"]
[Round "1.21"]
[Result "1-0"]
[White "Wesley So"]
[Black "Maxime Vachier-Lagrave"]
[WhiteElo "2770"]
[BlackElo "2784"]
[PlyCount "127"]

1. Nf3 Nf6 2. c4 g6 3. Nc3 d5 4. cxd5 Nxd5 5. Qb3 Nb6 6. d4
Bg7 7. Bf4 Be6 8. Qa3 Nc6 9. e3 O-O 10. Be2 a5 11. Qc5 Nd5
12. Nxd5 Qxd5 13. Qc3 a4 14. O-O Qd7 15. b4 axb3 16. axb3 Bd5
17. b4 Qf5 18. Bd3 Qd7 19. Rxa8 Rxa8 20. b5 Nd8 21. Qxc7 Qxc7
22. Bxc7 Ne6 23. Bg3 Ra3 24. Rd1 f5 25. Be5 Bxf3 26. gxf3 Bxe5
27. dxe5 Rc3 28. f4 Nc5 29. Bf1 Kf7 30. Rd8 Ne4 31. Bd3 Nc5
32. Be2 Rc2 33. Bf1 Ne4 34. Bd3 Rc1+ 35. Kg2 Nc5 36. Bf1 Ne4
37. Rh8 h6 38. Rh7+ Kf8 39. Rh8+ Kf7 40. Bd3 Nc5 41. Be2 Rc2
42. Bf3 Rb2 43. Rh7+ Kf8 44. Bd5 e6 45. Bc4 Rc2 46. Bf1 Ne4
47. Bd3 Rxf2+ 48. Kg1 Rf3 49. Rxb7 Rxe3 50. Bc4 g5 51. b6 Re1+
52. Kg2 Rb1 53. Bxe6 Rb2+ 54. Kg1 Nc5 55. Rb8+ Ke7 56. Bxf5
gxf4 57. Rc8 Na6 58. Rc7+ Ke8 59. Rc8+ Ke7 60. Rc7+ Kf8
61. Rc6 f3 62. b7 Rxb7 63. Rxa6 f2+ 64. Kf1 1-0

[Event "Airthings Masters"]
[Site "chess24.com INT"]
[Date "2020.12.30"]
[EventDate "2020.12.29"]
[Round "1.22"]
[Result "1/2-1/2"]
[White "Maxime Vachier-Lagrave"]
[Black "Wesley So"]
[WhiteElo "2784"]
[BlackElo "2770"]
[PlyCount "103"]

1. e4 e5 2. Nf3 Nc6 3. Bb5 Nf6 4. O-O Nxe4 5. d4 Nd6 6. Bxc6
dxc6 7. dxe5 Nf5 8. Qxd8+ Kxd8 9. h3 Be7 10. Nc3 h5 11. Ne2
Nh4 12. Nxh4 Bxh4 13. Re1 Be7 14. Bd2 Ke8 15. Rad1 a6 16. e6
Bxe6 17. Nd4 Rd8 18. Nxe6 fxe6 19. Rxe6 Rd6 20. Ree1 Kf7
21. Bf4 Rxd1 22. Rxd1 Bd6 23. Be3 Re8 24. Kf1 Re5 25. b3 b5
26. c3 c5 27. c4 bxc4 28. bxc4 Re4 29. Rc1 Re8 30. Ke2 Rb8
31. Kd3 Rb2 32. Rc2 Rb1 33. Rc3 Rg1 34. g3 h4 35. gxh4 Rh1
36. Ra3 Rxh3 37. Rxa6 Rxh4 38. Ra5 Ke6 39. Rb5 Rh8 40. Kc2 g5
41. a4 g4 42. Rb3 Rh2 43. Kd3 g3 44. fxg3 Bxg3 45. Ra3 Kd6
46. a5 Kc6 47. a6 Rh8 48. a7 Ra8 49. Ra6+ Kb7 50. Ra5 Rxa7
51. Rxa7+ Kxa7 52. Bxc5+ 1/2-1/2

[Event "Airthings Masters"]
[Site "chess24.com INT"]
[Date "2020.12.30"]
[EventDate "2020.12.29"]
[Round "1.24"]
[Result "1/2-1/2"]
[White "Maxime Vachier-Lagrave"]
[Black "Wesley So"]
[WhiteElo "2784"]
[BlackElo "2770"]
[PlyCount "207"]

1. e4 e5 2. Nf3 Nc6 3. Bb5 Nf6 4. d3 Bc5 5. Bxc6 dxc6 6. Nbd2
Nd7 7. Nc4 f6 8. Be3 Bd6 9. d4 Qe7 10. dxe5 Nxe5 11. Nfxe5
Bxe5 12. Qh5+ g6 13. Qe2 b6 14. Nxe5 Qxe5 15. O-O-O Qxe4
16. Rhe1 Kf7 17. Qd2 Qf5 18. Qc3 Be6 19. Qxc6 Rac8 20. h3 Rhd8
21. Rxd8 Rxd8 22. Qxc7+ Rd7 23. Qc3 Qd5 24. b3 Qxg2 25. Kb2
Qxh3 26. Qc8 g5 27. f4 Qh4 28. Bd2 Qf2 29. Bb4 Qd4+ 30. Bc3
Qxf4 31. Qh8 Qf5 32. Rh1 Kg6 33. Qe8+ Kg7 34. Re1 Bf7 35. Qe2
Rd6 36. Rf1 Qd7 37. Qf3 Qc6 38. Qg3 Bg6 39. Re1 Re6 40. Rxe6
Qxe6 41. Qxg5 Qf5 42. Qg2 Qe4 43. Qf2 Qf5 44. Qh2 Qd7 45. Qf4
Qe7 46. Bd4 h5 47. a4 Kf7 48. Qb8 Qd7 49. c3 h4 50. Qh8 Qf5
51. Qxh4 a5 52. Qh1 b5 53. Qb7+ Kg8 54. Qa8+ Kg7 55. Qxa5 bxa4
56. Qxa4 Qe6 57. Qa7+ Bf7 58. c4 Kg6 59. Qc5 Be8 60. Ka3 Qa6+
61. Kb4 Qb7+ 62. Qb6 Qxb6+ 63. Bxb6 Kf5 64. Bd4 Ke4 65. Kc3
Kf5 66. b4 Ke6 67. b5 Kd6 68. Bb6 Kd7 69. c5 Bh5 70. Kd3 Bf3
71. Ba5 Bg2 72. Kd4 f5 73. Ke5 f4 74. Kd4 f3 75. c6+ Kd6
76. Bb4+ Kc7 77. Kc5 f2 78. b6+ Kb8 79. Bc3 f1=Q 80. Be5+ Kc8
81. b7+ Kd8 82. b8=Q+ Ke7 83. Qd6+ Kf7 84. Qd7+ Kg6 85. Qg4+
Kf7 86. Qd7+ Kg6 87. Kd6 Qf8+ 88. Kc7 Qf3 89. Kd8 Qf8+ 90. Kc7
Qf3 91. Qg7+ Kf5 92. Qf6+ Ke4 93. Qe6 Kd3 94. Qb3+ Ke4 95. Bc3
Kf5 96. Qf7+ Ke4 97. Qc4+ Kf5 98. Qf7+ Ke4 99. Qc4+ Kf5
100. Qc5+ Kg4 101. Qd4+ Qf4+ 102. Qxf4+ Kxf4 103. Kd6 Bxc6
104. Kxc6 1/2-1/2

[Event "Airthings Masters"]
[Site "chess24.com INT"]
[Date "2020.12.30"]
[EventDate "2020.12.29"]
[Round "1.31"]
[Result "1-0"]
[White "Maxime Vachier-Lagrave"]
[Black "Wesley So"]
[WhiteElo "2784"]
[BlackElo "2770"]
[PlyCount "111"]

1. e4 e5 2. Nf3 Nc6 3. Bb5 Nf6 4. O-O Nxe4 5. d4 Nd6 6. Bxc6
dxc6 7. dxe5 Nf5 8. Qxd8+ Kxd8 9. h3 Bd7 10. Rd1 Be7 11. g4
Nh4 12. Nxh4 Bxh4 13. Nd2 Kc8 14. Ne4 b6 15. Bg5 Bxg5 16. Nxg5
h6 17. Nxf7 Re8 18. e6 Bxe6 19. Ne5 Kb7 20. Re1 g5 21. Rad1 a5
22. a3 Bg8 23. f3 Re6 24. Kf2 Rf8 25. Re3 a4 26. c3 Ra8
27. Rd7 Rae8 28. Nc4 b5 29. Rxe6 Rxe6 30. Ne3 Rf6 31. Kg3 Kb6
32. Rd8 Be6 33. Rd4 c5 34. Re4 c6 35. Re5 Kc7 36. Nf5 Bxf5
37. gxf5 Kd6 38. f4 gxf4+ 39. Kxf4 Rf8 40. Re6+ Kd5 41. Rxh6
b4 42. cxb4 cxb4 43. axb4 Rb8 44. f6 Rxb4+ 45. Kf5 Rxb2
46. Rh8 Rf2+ 47. Kg6 a3 48. Ra8 a2 49. f7 Ke6 50. Re8+ Kd5
51. Re1 Rg2+ 52. Kf6 Rf2+ 53. Ke7 Re2+ 54. Rxe2 a1=Q 55. f8=Q
Qa3+ 56. Ke8 1-0

[Event "Airthings Masters"]
[Site "chess24.com INT"]
[Date "2020.12.30"]
[EventDate "2020.12.29"]
[Round "1.32"]
[Result "1-0"]
[White "Wesley So"]
[Black "Maxime Vachier-Lagrave"]
[WhiteElo "2770"]
[BlackElo "2784"]
[PlyCount "67"]

1. Nf3 Nf6 2. c4 g6 3. Nc3 d5 4. cxd5 Nxd5 5. h4 Nxc3 6. bxc3
c5 7. h5 Bg7 8. Rb1 Nc6 9. e3 O-O 10. hxg6 hxg6 11. Qa4 e5
12. Ba3 Re8 13. Bxc5 e4 14. Nd4 Ne5 15. Qc2 b6 16. Ba3 Nd3+
17. Bxd3 exd3 18. Qd1 Qd7 19. Qf3 Bb7 20. Qg3 Re5 21. f4 Ra5
22. Bb4 Rd5 23. f5 Rxf5 24. Qh3 f6 25. Nxf5 gxf5 26. Qh7+ Kf7
27. Rh6 Be4 28. Qg6+ Ke6 29. Rh7 Rg8 30. Bf8 Rxf8 31. Rxg7 Qa4
32. Rb4 Qc6 33. Rxa7 Rh8 34. Qf7+ 1-0

[Event "Airthings Masters"]
[Site "chess24.com INT"]
[Date "2020.12.30"]
[EventDate "2020.12.29"]
[Round "1.33"]
[Result "1/2-1/2"]
[White "Wesley So"]
[Black "Maxime Vachier-Lagrave"]
[WhiteElo "2770"]
[BlackElo "2784"]
[PlyCount "100"]

1. Nf3 Nf6 2. c4 c5 3. Nc3 e6 4. g3 b6 5. Bg2 Bb7 6. O-O Be7
7. d4 cxd4 8. Qxd4 d6 9. Rd1 O-O 10. Bg5 Nbd7 11. Nb5 d5
12. cxd5 Bxd5 13. Nc3 Bc6 14. Rac1 h6 15. Be3 Rc8 16. Ne5 Nxe5
17. Qxe5 Qe8 18. Bxc6 Rxc6 19. Bd4 Qc8 20. Nd5 Bd8 21. Rxc6
Qxc6 22. Nc3 Be7 23. f3 Rd8 24. Kf1 Bf8 25. Rd3 Rd7 26. Qb5
Qxb5 27. Nxb5 Nd5 28. Bf2 a6 29. Nc3 b5 30. e4 Nf6 31. Ke2
Rxd3 32. Kxd3 Nd7 33. a4 Ne5+ 34. Ke2 bxa4 35. Nxa4 f5 36. f4
Nc6 37. exf5 exf5 38. Kd3 Kf7 39. Bc5 Be7 40. Bxe7 Kxe7
41. Nc5 a5 42. Kc4 Kd6 43. Nb3 g5 44. Nd4 Nxd4 45. Kxd4 g4
46. b3 h5 47. Kc4 Kc6 48. Kd4 Kd6 49. Kc4 Kc6 50. Kd4 Kd6
1/2-1/2

[Event "Airthings Masters"]
[Site "chess24.com INT"]
[Date "2020.12.31"]
[EventDate "2020.12.29"]
[Round "2.13"]
[Result "1/2-1/2"]
[White "Maxime Vachier-Lagrave"]
[Black "Levon Aronian"]
[WhiteElo "2784"]
[BlackElo "2781"]
[PlyCount "92"]

1. e4 e5 2. Nf3 Nc6 3. Bb5 Nf6 4. O-O Nxe4 5. d4 Nd6 6. Bxc6
dxc6 7. dxe5 Nf5 8. Qxd8+ Kxd8 9. h3 Bd7 10. Rd1 Ke8 11. Nc3
h6 12. Bf4 Rd8 13. e6 Bxe6 14. Bxc7 Rc8 15. Bf4 f6 16. g4 Ne7
17. Nd4 Bd7 18. Ne4 Ng6 19. Bd6 b6 20. f4 c5 21. Ne2 Bc6
22. N2g3 Nh4 23. Kf2 Rd8 24. Bxf8 Rxf8 25. f5 Ke7 26. a4 Rd4
27. Rxd4 cxd4 28. a5 Rc8 29. axb6 axb6 30. Ra7+ Kf8 31. Nd6
Rd8 32. Nge4 d3 33. cxd3 Bxe4 34. Nxe4 Rxd3 35. Ra3 Rd4
36. Re3 Kf7 37. Kg3 g5 38. Kf2 h5 39. Kg3 b5 40. b3 b4 41. Nf2
Rd2 42. Re4 Rc2 43. Rc4 Re2 44. Re4 Rc2 45. Rc4 Re2 46. Re4
Rc2 1/2-1/2

[Event "Airthings Masters"]
[Site "chess24.com INT"]
[Date "2020.12.31"]
[EventDate "2020.12.29"]
[Round "2.14"]
[Result "1-0"]
[White "Levon Aronian"]
[Black "Maxime Vachier-Lagrave"]
[WhiteElo "2781"]
[BlackElo "2784"]
[PlyCount "114"]

1. d4 Nf6 2. Nf3 g6 3. c4 b6 4. Nc3 Bb7 5. d5 Bg7 6. e4 O-O
7. Be2 d6 8. O-O Nbd7 9. Be3 e6 10. Nd2 Re8 11. Qc2 c6
12. dxe6 fxe6 13. f4 Qe7 14. Rae1 Rad8 15. Kh1 e5 16. f5 gxf5
17. Rxf5 Nf8 18. Ref1 Bc8 19. R5f2 Ne6 20. Qa4 Bd7 21. Qd1 Rf8
22. h3 Be8 23. Bg4 Bg6 24. Bf5 Nh5 25. Qg4 Nhf4 26. Bxf4 Nxf4
27. Bxg6 hxg6 28. g3 Nd3 29. Rf3 Rxf3 30. Rxf3 Ne1 31. Rf1 Nc2
32. Qxg6 Rf8 33. Rxf8+ Qxf8 34. Qe6+ Kh8 35. Qf5 Qe8 36. h4
Nd4 37. Qg4 Qf7 38. Kg2 Bh6 39. Nf3 Nc2 40. Qc8+ Kh7 41. Qxc6
Qxf3+ 42. Kxf3 Nd4+ 43. Kg4 Nxc6 44. Kf5 Nd4+ 45. Kf6 Bd2
46. Nd5 Be1 47. Ke7 Bxg3 48. Kxd6 Nf3 49. Ne7 Bf2 50. b4 Kg7
51. c5 bxc5 52. bxc5 Kf7 53. c6 Bb6 54. Nd5 Ba5 55. c7 Bxc7+
56. Nxc7 Nxh4 57. Kxe5 Ke7 1-0

[Event "Airthings Masters"]
[Site "chess24.com INT"]
[Date "2021.01.01"]
[EventDate "2020.12.29"]
[Round "2.21"]
[Result "1/2-1/2"]
[White "Levon Aronian"]
[Black "Maxime Vachier-Lagrave"]
[WhiteElo "2781"]
[BlackElo "2784"]
[PlyCount "82"]

1. d4 Nf6 2. c4 g6 3. Nc3 d5 4. Bg5 Ne4 5. Bf4 Nxc3 6. bxc3
Bg7 7. e3 O-O 8. Nf3 c6 9. Be2 Qa5 10. Qd2 Nd7 11. cxd5 cxd5
12. c4 Qxd2+ 13. Kxd2 dxc4 14. Bxc4 Nb6 15. Bb3 Bf5 16. Rhc1
Be4 17. Bc7 e6 18. Bxb6 axb6 19. Ke2 Bc6 20. g3 Rfd8 21. Nd2
e5 22. dxe5 Bxe5 23. Rab1 Bf6 24. Rc2 b5 25. Rbc1 Rd6 26. f3
b4 27. Ne4 Bxe4 28. fxe4 Bc3 29. e5 Rc6 30. Rf1 Rc7 31. e6
fxe6 32. Rf6 Re8 33. Rxe6 Rxe6 34. Bxe6+ Kg7 35. Rc1 Be5
36. Rxc7+ Bxc7 37. Bb3 Kf6 38. Kf3 Ke5 39. h3 b6 40. g4 g5
41. Bc2 h6 1/2-1/2

[Event "Airthings Masters"]
[Site "chess24.com INT"]
[Date "2021.01.01"]
[EventDate "2020.12.29"]
[Round "2.22"]
[Result "1/2-1/2"]
[White "Maxime Vachier-Lagrave"]
[Black "Levon Aronian"]
[WhiteElo "2784"]
[BlackElo "2781"]
[PlyCount "129"]

1. e4 e5 2. Nf3 Nc6 3. Bb5 Nf6 4. O-O Nxe4 5. d4 Nd6 6. Bxc6
dxc6 7. dxe5 Nf5 8. Qxd8+ Kxd8 9. h3 Ke8 10. Nc3 h5 11. Bf4
Bb4 12. Ne2 Be6 13. Ned4 Nxd4 14. Nxd4 Bd5 15. a3 Be7 16. Rfe1
g5 17. Bg3 Rh6 18. Rad1 Rg6 19. e6 fxe6 20. Bxc7 Rc8 21. Be5
Rd8 22. b3 c5 23. Nb5 a6 24. Nc3 Bc6 25. Rxd8+ Kxd8 26. Ne4 g4
27. hxg4 hxg4 28. c4 Ke8 29. Nd6+ Kf8 30. Nc8 Kf7 31. Nxe7
Kxe7 32. Kh2 Rg8 33. Rd1 Rg5 34. Bf4 Rg7 35. Be5 Rg5 36. Bd6+
Kf6 37. Kg3 Rf5 38. Rh1 Be4 39. Rh6+ Kf7 40. Rh7+ Kf6 41. Rc7
Bc6 42. Rh7 Be4 43. Rc7 Bc6 44. Rc8 Kg7 45. Rd8 Be4 46. Re8
Kf6 47. Rg8 Bc2 48. b4 cxb4 49. Bxb4 Be4 50. Rxg4 Bc6 51. f3
e5 52. Rh4 Kg6 53. Bc3 Kf7 54. Bd2 e4 55. f4 e3 56. Bxe3 Ra5
57. Bc1 Rc5 58. f5 Rxf5 59. Rd4 Ke6 60. Rd3 Rc5 61. Rc3 b5
62. Re3+ Kf7 63. cxb5 axb5 64. Bd2 Rg5+ 65. Kf4 1/2-1/2

[Event "Airthings Masters"]
[Site "chess24.com INT"]
[Date "2021.01.01"]
[EventDate "2020.12.29"]
[Round "2.23"]
[Result "1-0"]
[White "Levon Aronian"]
[Black "Maxime Vachier-Lagrave"]
[WhiteElo "2781"]
[BlackElo "2784"]
[PlyCount "225"]

1. d4 Nf6 2. c4 g6 3. Nc3 d5 4. Bg5 Ne4 5. Bf4 Nxc3 6. bxc3 c5
7. cxd5 Qxd5 8. e3 cxd4 9. Qxd4 Qxd4 10. cxd4 Nc6 11. Nf3 e6
12. Rb1 f6 13. h4 Bb4+ 14. Kd1 Be7 15. Bc4 Na5 16. Bd3 Bd7
17. Ke2 O-O 18. e4 Rac8 19. Bd2 b6 20. Bxa5 bxa5 21. Rb7 Rfd8
22. Rxa7 Rb8 23. Rc1 Rb2+ 24. Rc2 Rxc2+ 25. Bxc2 Bb4 26. Bb3
Kf8 27. e5 fxe5 28. Nxe5 Be8 29. Ke3 Bc3 30. Nf3 Bd7 31. Rc7
Bb2 32. Ng5 h6 33. Nh7+ Ke8 34. Bc2 Rc8 35. Nf6+ Ke7 36. Rxc8
Bxc8 37. Ng4 h5 38. Ne5 Bc1+ 39. Ke2 g5 40. hxg5 Bxg5 41. f4
Bf6 42. g3 Bb7 43. Ke3 Bd5 44. a4 Kd6 45. Nf7+ Ke7 46. Ng5 Bc6
47. Bd1 Bg7 48. Nf3 Bf6 49. Ne5 Be8 50. Nc4 h4 51. gxh4 Bxh4
52. Nxa5 Be1 53. Nb7 Bc6 54. Nc5 Bb4 55. Bf3 Be8 56. Be2 Bc6
57. Bf3 Be8 58. Kd3 Kf6 59. Kc4 Ba5 60. Bg4 Ke7 61. Kd3 Bb6
62. Bd1 Bc7 63. Ke3 Ba5 64. Bb3 Bb4 65. Ke4 Kf6 66. Bc4 Bc6+
67. Ke3 Ke7 68. Bb5 Bd5 69. Nd3 Ba5 70. Ne5 Bc7 71. Kd3 Kf6
72. Bc6 Bb3 73. Nd7+ Kf5 74. Nc5 Ba2 75. Kc3 Kxf4 76. Kb2 Bc4
77. Kc3 Ba2 78. Nb7 Bb6 79. a5 Ba7 80. Nd6 e5 81. d5 e4
82. Nxe4 Ke5 83. d6 Be6 84. Kd3 Bb8 85. d7 Bc7 86. a6 Bxd7
87. Bxd7 Bb6 88. Bc6 Bg1 89. Kc4 Ba7 90. Nc3 Bb6 91. Nb5 Ke6
92. a7 Bxa7 93. Nxa7 Kd6 94. Bd5 Ke5 95. Kc5 Kf5 96. Kd4 Kf4
97. Nc6 Kf5 98. Ne5 Kf6 99. Be4 Ke6 100. Nc4 Kf6 101. Kd5 Ke7
102. Bf5 Kf6 103. Ke4 Ke7 104. Ke5 Kf7 105. Nd6+ Kg7 106. Ke6
Kg8 107. Kf6 Kh8 108. Nf7+ Kg8 109. Bg6 Kf8 110. Bh7 Ke8
111. Ne5 Kd8 112. Ke6 Kc7 113. Nd7 1-0

[Event "Airthings Masters"]
[Site "chess24.com INT"]
[Date "2021.01.02"]
[EventDate "2020.12.29"]
[Round "3.11"]
[Result "0-1"]
[White "Maxime Vachier-Lagrave"]
[Black "Daniil Dubov"]
[WhiteElo "2784"]
[BlackElo "2702"]
[PlyCount "84"]

1. e4 e5 2. Nf3 Nc6 3. Bc4 Nf6 4. d3 Be7 5. Nc3 d6 6. a4 O-O
7. O-O h6 8. h3 Be6 9. Bxe6 fxe6 10. Ne2 a5 11. Ng3 Qe8 12. c3
Qf7 13. Be3 Kh8 14. Nh2 d5 15. Qe2 Rad8 16. Rad1 Qg6 17. Nf3
Nd7 18. Kh2 Rf7 19. Qc2 Rdf8 20. Qb3 d4 21. Bc1 Nc5 22. Qc2
Rxf3 23. gxf3 Rxf3 24. Rg1 Qf7 25. Rg2 Bh4 26. Kg1 b6 27. Qe2
Nxa4 28. Nf5 Rxf2 29. Rxf2 Bxf2+ 30. Qxf2 exf5 31. exf5 dxc3
32. bxc3 Nxc3 33. Re1 Nd5 34. Qg2 Ndb4 35. Rf1 Nd4 36. Qa8+
Kh7 37. Qe4 Qf6 38. Bd2 Nbc2 39. h4 a4 40. h5 a3 41. Qg4 a2
42. Bc3 Qg5 0-1

[Event "Airthings Masters"]
[Site "chess24.com INT"]
[Date "2021.01.02"]
[EventDate "2020.12.29"]
[Round "3.12"]
[Result "1-0"]
[White "Daniil Dubov"]
[Black "Maxime Vachier-Lagrave"]
[WhiteElo "2702"]
[BlackElo "2784"]
[PlyCount "85"]

1. e4 c5 2. Nf3 d6 3. Bb5+ Nd7 4. O-O a6 5. Bxd7+ Bxd7 6. c3
Nf6 7. Re1 e6 8. d4 cxd4 9. cxd4 d5 10. exd5 Nxd5 11. Nc3 Nxc3
12. bxc3 Bd6 13. Ng5 Qe7 14. Rb1 b5 15. Qh5 Rc8 16. Bd2 g6
17. Qh6 Bc6 18. a4 Kd7 19. axb5 axb5 20. Ne4 Bxe4 21. Rxe4 Qf6
22. Rxb5 Rb8 23. Rxb8 Rxb8 24. Re1 Qf5 25. Qe3 Rb2 26. Rc1 Qa5
27. g3 Qa2 28. Rd1 Qa4 29. Qf3 f5 30. Bg5 Qa2 31. Bc1 Rb1
32. Be3 Rxd1+ 33. Qxd1 Qc4 34. Qa1 Bc7 35. Qa3 Qb5 36. Qa2 Qd3
37. Qa4+ Kc8 38. Qe8+ Kb7 39. Qxe6 Qxc3 40. d5 Qc2 41. h4 Qe4
42. Qd7 Qb1+ 43. Kh2 1-0

[Event "Airthings Masters"]
[Site "chess24.com INT"]
[Date "2021.01.02"]
[EventDate "2020.12.29"]
[Round "3.13"]
[Result "1-0"]
[White "Maxime Vachier-Lagrave"]
[Black "Daniil Dubov"]
[WhiteElo "2784"]
[BlackElo "2702"]
[PlyCount "101"]

1. e4 e5 2. Nf3 Nc6 3. Bc4 Nf6 4. d3 Be7 5. Nc3 d6 6. a4 O-O
7. O-O h6 8. h3 Be6 9. Re1 Nxe4 10. Nxe4 d5 11. Bb5 dxe4
12. Bxc6 bxc6 13. Nxe5 exd3 14. Nxc6 dxc2 15. Qxc2 Qd7 16. Bf4
Bf6 17. Rac1 Bd5 18. b4 a6 19. Red1 Rfe8 20. b5 Qe6 21. Qd2
Bxc6 22. Rxc6 Qf5 23. Bxc7 axb5 24. a5 Re6 25. Rxe6 Qxe6
26. Bb6 Qb3 27. Qd3 Qxd3 28. Rxd3 b4 29. Kf1 Kf8 30. Ke2 Bc3
31. Kd1 Ke7 32. Kc2 Ke6 33. Kb3 f5 34. f4 g5 35. g3 g4 36. h4
Kf7 37. h5 Be1 38. Ka4 Rb8 39. Kb5 Kf6 40. a6 Bf2 41. a7 Rxb6+
42. Ka5 Rb7 43. a8=Q Ra7+ 44. Qxa7 Bxa7 45. Kxb4 Bf2 46. Kb5
Ke6 47. Kc6 Kf6 48. Kd5 Be1 49. Ra3 Bf2 50. Ra6+ Kg7 51. Ke5
1-0

[Event "Airthings Masters"]
[Site "chess24.com INT"]
[Date "2021.01.02"]
[EventDate "2020.12.29"]
[Round "3.14"]
[Result "0-1"]
[White "Daniil Dubov"]
[Black "Maxime Vachier-Lagrave"]
[WhiteElo "2702"]
[BlackElo "2784"]
[PlyCount "96"]

1. e4 c5 2. Nf3 d6 3. Bb5+ Nd7 4. O-O a6 5. Bxd7+ Bxd7 6. c3
Nf6 7. Re1 Bc6 8. d4 Bxe4 9. Bg5 Bg6 10. d5 Qd7 11. Nbd2 O-O-O
12. b4 e6 13. Nc4 Qb5 14. Nfd2 exd5 15. a4 Qc6 16. b5 axb5
17. axb5 Qxb5 18. Qf3 dxc4 19. Bxf6 gxf6 20. Ra8+ Kc7 21. Rxd8
Kxd8 22. Qxf6+ Kd7 23. Qxh8 Be7 24. Nf1 Qb6 25. Qa8 Qa6
26. Qh8 b5 27. Ne3 Qc8 28. Qxc8+ Kxc8 29. Nxc4 Kd8 30. Na3 b4
31. cxb4 cxb4 32. Nc4 Kd7 33. f3 b3 34. Kf2 Bf6 35. Nd2 b2
36. Ne4 Bxe4 37. fxe4 Bg5 38. Rb1 Bc1 39. Ke2 Ke6 40. Kd3 Ke5
41. g3 h5 42. h3 f6 43. h4 f5 44. exf5 Kxf5 45. Kd4 Kg4
46. Kd5 Kxg3 47. Kxd6 Kxh4 48. Ke5 Kg3 0-1

[Event "Airthings Masters"]
[Site "chess24.com INT"]
[Date "2021.01.03"]
[EventDate "2020.12.29"]
[Round "3.21"]
[Result "0-1"]
[White "Daniil Dubov"]
[Black "Maxime Vachier-Lagrave"]
[WhiteElo "2702"]
[BlackElo "2784"]
[PlyCount "100"]

1. e4 c5 2. Nf3 d6 3. Bb5+ Nd7 4. O-O a6 5. Bd3 Ngf6 6. c3 b5
7. a4 Bb7 8. axb5 axb5 9. Rxa8 Qxa8 10. Na3 Bxe4 11. Bxe4 Nxe4
12. Nxb5 Qb7 13. c4 e6 14. d3 Nef6 15. d4 Be7 16. d5 e5
17. Nh4 g6 18. Bh6 Bf8 19. f4 e4 20. Qb3 Qb8 21. Bxf8 Kxf8
22. Qg3 Nh5 23. Qc3 Rg8 24. g4 Nhf6 25. g5 Nxd5 26. Qd2 Nb4
27. f5 Nd3 28. f6 h6 29. gxh6 Rh8 30. Qg5 N7e5 31. Ra1 Kg8
32. Ra7 Qf8 33. Nc7 Rxh6 34. Ra8 Qxa8 35. Qxh6 Qa1+ 36. Kg2
Qxb2+ 37. Kh3 Nf2+ 38. Kg3 Qc3+ 39. Kg2 Qh3+ 40. Kg1 Qxh2+
41. Kxh2 Nfg4+ 42. Kg3 Nxh6 43. Kf4 Nf5 44. Nxf5 gxf5 45. Nd5
Nxc4 46. Kxf5 e3 47. Nf4 d5 48. Kg4 d4 49. Kf3 Nd2+ 50. Ke2
Ne4 0-1

[Event "Airthings Masters"]
[Site "chess24.com INT"]
[Date "2021.01.03"]
[EventDate "2020.12.29"]
[Round "3.22"]
[Result "1/2-1/2"]
[White "Maxime Vachier-Lagrave"]
[Black "Daniil Dubov"]
[WhiteElo "2784"]
[BlackElo "2702"]
[PlyCount "97"]

1. e4 e5 2. Nf3 Nc6 3. Bc4 Nf6 4. d3 Be7 5. O-O d6 6. a4 O-O
7. Re1 Be6 8. a5 a6 9. Bxe6 fxe6 10. c3 h6 11. Nbd2 Kh8
12. Nf1 Qe8 13. b4 Qg6 14. Ng3 Nd7 15. Bd2 Rf7 16. Rf1 Raf8
17. Ne1 d5 18. Qe2 Nf6 19. Nc2 h5 20. f3 h4 21. Nh1 Nh5
22. Nf2 Rxf3 23. Ng4 R3f7 24. Rxf7 Rxf7 25. Rf1 Rxf1+ 26. Kxf1
Bg5 27. Be1 h3 28. gxh3 Bc1 29. Qf3 Nf4 30. Bg3 Qh5 31. Bxf4
Bxf4 32. Ke2 dxe4 33. dxe4 Ne7 34. Ne1 Qe8 35. Nd3 Ng6 36. Kf2
Kg8 37. Qd1 b6 38. Nxf4 exf4 39. axb6 cxb6 40. Qd6 Kh7 41. Qc7
Qa4 42. Nf6+ Kh6 43. Ng4+ Kh5 44. Qxg7 Qc2+ 45. Kf1 Qd1+
46. Kf2 Qd2+ 47. Kf1 Qd3+ 48. Kf2 Qd2+ 49. Kf1 1/2-1/2